Mezinárodní politika

Salvato in:
Dettagli Bibliografici
Autore principale: Krejčí, Oskar
Natura: Libro
Lingua:ceco
Pubblicazione: Praha EKOPRESS 2001
Edizione:2. aktualiz. a rozšír. vyd.
Soggetti:
Tags: Aggiungi Tag
Nessun Tag, puoi essere il primo ad aggiungerne!!

MARC

LEADER 00000nam a2200000 4500
001 c131482
005 20221124104658.3
020 |a 80-86119-45-9 
041 0 |a cze 
044 |a CZ 
245 1 0 |a Mezinárodní politika  |c Oskar Krejčí 
250 |a 2. aktualiz. a rozšír. vyd. 
264 1 |a Praha  |b EKOPRESS  |c 2001 
300 |a 709 s. 
610 2 0 |a politika medzinárodná 
610 2 0 |a svet 
610 2 0 |a vývoj systémov 
610 2 0 |a vojny 
610 2 0 |a rovnováha 
610 2 0 |a konflikty 
610 2 0 |a bezpečnosť 
610 2 0 |a politika svetová 
610 2 0 |a štát 
610 2 0 |a politika zahraničná 
610 2 0 |a kooperácia 
610 2 0 |a teórie politické 
610 2 0 |a história 
100 1 |a Krejčí, Oskar